000 00866cam a2200265 a 4500
001 163
003 BR-CuiBMT
005 20231030205840.0
008 230823s2019 mgb 000 0 por d
020 _a9788545005780
040 _aBR-CuiBMT
_cBR-CuiBMT
080 _22007
_a347.965
090 _a347.965
_bA244
245 0 0 _aAdvocacia pública contemporânea :
_bdesafios da defesa do estado /
_cCarlos Figueiredo Mourão, Regina Tamari Hirose, coordenadores ; prefácio Marcos da Costa.
260 _aBelo Horizonte :
_bFórum,
_c2019.
300 _a478 p. ;
_c22 cm
504 _aInclui bibliografia.
650 _aAdvocacia pública
650 _aDireito constitucional
650 _aDireito administrativo
650 _aTeoria geral do estado
700 1 _aMourão, Carlos Figueiredo
_4coord.
700 1 _aHirose, Regina Tamami
_4coord.
942 _2udc
_cLV
999 _c163
_d163